000 00615nam a22001697a 4500
003 OSt
005 20171010095515.0
008 120814t xxu||||| |||| 00| 0 eng d
040 _aMMSU
_cULS
100 _aQuilal-lan, Rebecca M.
_912146
245 _aDecentralized learning resource center: its impact on pupil achievement and teacher performance
_cRebecca M. Quilal-lan
260 _c1995
300 _axxiii, 212 leaves
_c28 cm.
500 _aThesis (Ed.D.-Educational Management) -- Mariano Marcos State University-Graduate School, Laoag City
504 _aBibliography: leaves 171-177
942 _2ddc
_cTHEDIS
999 _c9722
_d9722